000
00242nam a2200097Ia 4500
001
700567
005
20250826162255.0
008
250824s9999 xx 000 0 und d
245
0
_a
GENÇLERİ ANLAMAK
_c
HALUK YAVUZER
260
_b
REMZİ KİTABEVİ
999
_c
700567
_d
700567